|
|
|
|
| LEADER |
00000cam a22000004a 4500 |
| 001 |
musev2_1283 |
| 003 |
MdBmJHUP |
| 005 |
20230905040209.0 |
| 006 |
m o d |
| 007 |
cr||||||||nn|n |
| 008 |
100423s2011 inu o 00 0 eng d |
| 010 |
|
|
|z 2010017542
|
| 020 |
|
|
|a 9780253004864
|
| 020 |
|
|
|z 0253004861
|
| 020 |
|
|
|z 9780253355393
|
| 035 |
|
|
|a (OCoLC)707092888
|
| 040 |
|
|
|a MdBmJHUP
|c MdBmJHUP
|
| 043 |
|
|
|a e-ur-un
|
| 050 |
0 |
4 |
|a HV1559.U38
|b P55 2011
|
| 082 |
0 |
|
|a 323.3
|2 22
|
| 100 |
1 |
|
|a Phillips, Sarah D.
|
| 245 |
1 |
0 |
|a Disability and Mobile Citizenship in Postsocialist Ukraine /
|c Sarah D. Phillips.
|
| 264 |
|
1 |
|a Bloomington, Ind. :
|b Indiana University Press,
|c 2011.
|
| 264 |
|
3 |
|a Baltimore, Md. :
|b Project MUSE,
|c 2012
|
| 264 |
|
4 |
|c ©2011.
|
| 300 |
|
|
|a 1 online resource (318 pages):
|b ill., map ;
|
| 336 |
|
|
|a text
|b txt
|2 rdacontent
|
| 337 |
|
|
|a computer
|b c
|2 rdamedia
|
| 338 |
|
|
|a online resource
|b cr
|2 rdacarrier
|
| 504 |
|
|
|a Includes bibliographical references (p. [265]-281) and index.
|
| 505 |
0 |
|
|a Introduction : living disability and mobilizing citizenship in postsocialism -- A parallel world -- Out of history -- Disability rights and disability wrongs -- Regeneration -- Disability, gender, and sexuality in the era of "posts".
|
| 588 |
|
|
|a Description based on print version record.
|
| 650 |
2 |
2 |
|a Spinal Cord Injuries
|z Ukraine.
|
| 650 |
2 |
2 |
|a Social Support
|z Ukraine.
|
| 650 |
2 |
2 |
|a Human Rights
|z Ukraine.
|
| 650 |
2 |
2 |
|a Health Services
|z Ukraine.
|
| 650 |
2 |
2 |
|a Health Knowledge, Attitudes, Practice
|z Ukraine.
|
| 650 |
1 |
2 |
|a Disabled Persons
|z Ukraine.
|
| 650 |
|
0 |
|a People with disabilities
|z Ukraine.
|
| 655 |
|
7 |
|a Electronic books.
|2 local
|
| 710 |
2 |
|
|a Project Muse.
|e distributor
|
| 830 |
|
0 |
|a Book collections on Project MUSE.
|
| 856 |
4 |
0 |
|z Texto completo
|u https://projectmuse.uam.elogim.com/book/1283/
|
| 945 |
|
|
|a Project MUSE - Custom Collection
|
| 945 |
|
|
|a Project MUSE - 2011 Complete
|
| 945 |
|
|
|a Project MUSE - 2011 Russian and East European Studies
|
| 945 |
|
|
|a Project MUSE - 2011 Political Science and Policy Studies
|